Представление документа в формате RUSMARC

ПолеНазваниеЗначение
  Тип записи a
  Библиографический уровень m
001 Контрольный номер f8e19b8a37aa4cfab6794dff57c6ba5c
005 Дата корректировки 20140702100709.0
010 Индекс ISBN __
a ISBN 5-9531-0051-5
200 Заглавие и сведения об ответственности 1_
a Заглавие Все положения по бухгалтерскому учету
e Сведения, относящиеся к заглавию [Сборник]
210 Выходные данные 1_
a Место издания М.
c Издательство Бератор
d Дата издания 2004
215 Физическое описание __
a Объем 213 с.
225 Серия 2_
a Серия Бухгалтерская библиотека
610 Ключевые слова 0_
a Ключевые слова бухгалтерский учет
610 Ключевые слова 0_
a Ключевые слова учетная политика организации
610 Ключевые слова 0_
a Ключевые слова положение по бухгалтерскому учету
610 Ключевые слова 0_
a Ключевые слова учет договоров
610 Ключевые слова 0_
a Ключевые слова ПБУ
610 Ключевые слова 0_
a Ключевые слова хозяйственная деятельность
610 Ключевые слова 0_
a Ключевые слова новые ПБУ
610 Ключевые слова 0_
a Ключевые слова сборник
610 Ключевые слова 0_
a Ключевые слова учет активов
686 Индексы других классификаций __
a Классификационный индекс 65.052.9(2)2
2 Код системы rubbk
686 Индексы других классификаций __
a Классификационный индекс 67.622-32
2 Код системы rubbk
801 Источник записи _0
a Страна RU
b Организация РУК
c Дата составления 20041013
g Правила каталогизации PSBO
801 Источник записи _1
a Страна RU
b Организация РУК
c Дата составления 20041013
g Правила каталогизации PSBO
852 Данные о местонахождении __
i Авторский знак В 84
j Шифр хранения ББК 65.052
901 Тип документа __
t Тип документа m
938 Служебная информация __
a Название организации Головной вуз
b Имя БД BOOK
c Название АИБС АИБС ИРБИС